000 01007nam a22002777a 4500
999 _c65569
_d65569
005 20240530110831.0
008 190903s2006 ua a g b 000 0 ara d
017 _bمصر. دار الكتب
_a2006/15986
020 _a9771435558
040 _aEG-CaGPL
_cEG-CaGPL
082 0 4 _221
_a229.7 \
_bأ ج
100 0 _aاحمد شوقى ابراهيم
245 1 2 _aالجبال ورسالات الانبياء /
_cاحمد شوقى ابراهيم
250 _aط.1
260 _aالقاهرة :
_bنهضة مصر للطباعة والنشر والتوزيع،
_c2006 .
300 _a240 ص. ؛
_c24 سم.
504 _aيشتمل على ارجاعات ببليوجرافية
600 0 _aنوح عليه السلام
600 0 _aموسى عليه السلام
650 0 7 _aقصص الانبياء
_2qrmak
650 0 7 _2السيرة النبوية
651 _2qrmak
653 _aالجبال فى القران
942 _2ddc
_cBK